[Event "DEM U16 2017"]
[Site "Willingen GER"]
[Date "2017.06.08"]
[Round "7"]
[White "Wendler, David"]
[Black "Lange, Jannis"]
[Result "1-0"]
[Termination "normal"]
[Board "11"]
[WhiteElo "2022"]
[BlackElo "1843"]
[WhiteClock "00:05:10"]
[BlackClock "00:03:22"]
[PlyCount "117"]
[WhiteFideId "12938360"]
[BlackFideId "12993107"]
[EventCountry "GER"]
[EventRounds "9"]
[EventType "swiss"]
[EventDate "2017.06.03"]

1. c4 {[%clk 1:30:36]} 1... Nf6 {[%clk 1:30:29]} 2. g3 {[%clk 1:29:29]} 2... c6
{[%clk 1:29:17]} 3. Nf3 {[%clk 1:29:13]} 3... g6 {[%clk 1:28:03]} 4. b3 { [%clk
1:28:22]} 4... Bg7 {[%clk 1:25:59]} 5. Bb2 {[%clk 1:28:16]} 5... O-O { [%clk
1:25:09]} 6. Bg2 {[%clk 1:26:40]} 6... d5 {[%clk 1:20:52]} 7. O-O { [%clk
1:26:24]} 7... Re8 {[%clk 1:11:30]} 8. d4 {[%clk 1:21:33]} 8... Ne4 { [%clk
1:07:15]} 9. Nc3 {[%clk 1:17:48]} 9... Bf5 {[%clk 1:06:00]} 10. Rc1 { [%clk
1:10:35]} 10... Nxc3 {[%clk 1:05:54]} 11. Bxc3 {[%clk 1:10:27]} 11... Be4
{[%clk 1:05:06]} 12. Qd2 {[%clk 1:08:10]} 12... Nd7 {[%clk 1:03:52]} 13. Rfd1 {
[%clk 1:04:09]} 13... Nf6 {[%clk 1:00:55]} 14. Ne5 {[%clk 1:01:21]} 14... Bxg2
{[%clk 0:56:32]} 15. Kxg2 {[%clk 1:01:23]} 15... Ne4 {[%clk 0:55:54]} 16. Qf4 {
[%clk 0:52:31]} 16... f6 {[%clk 0:54:11]} 17. Nf3 {[%clk 0:51:11]} 17... Nxc3 {
[%clk 0:51:43]} 18. Rxc3 {[%clk 0:51:35]} 18... e5 {[%clk 0:49:10]} 19. Qc1 {
[%clk 0:47:48]} 19... e4 {[%clk 0:40:04]} 20. Ng1 {[%clk 0:43:56]} 20... Bf8 {
[%clk 0:37:32]} 21. e3 {[%clk 0:42:17]} 21... f5 {[%clk 0:35:31]} 22. Qb2 {
[%clk 0:37:27]} 22... Qd6 {[%clk 0:24:38]} 23. Ne2 {[%clk 0:36:04]} 23... g5 {
[%clk 0:24:22]} 24. Rh1 {[%clk 0:29:18]} 24... Be7 {[%clk 0:14:44]} 25. Rb1 {
[%clk 0:29:22]} 25... h5 {[%clk 0:13:06]} 26. Rcc1 {[%clk 0:26:11]} 26... Kf7 {
[%clk 0:12:59]} 27. Qc2 {[%clk 0:20:37]} 27... Rh8 {[%clk 0:09:46]} 28. cxd5 {
[%clk 0:19:56]} 28... Qxd5 {[%clk 0:08:49]} 29. Qc4 {[%clk 0:19:56]} 29... Rac8
{[%clk 0:06:18]} 30. Nc3 {[%clk 0:20:25]} 30... Qe6 {[%clk 0:06:09]} 31. Na4 {
[%clk 0:20:04]} 31... b6 {[%clk 0:03:37]} 32. Rc2 {[%clk 0:18:07]} 32... Kf6 {
[%clk 0:03:17]} 33. Rbc1 {[%clk 0:15:37]} 33... Qd7 {[%clk 0:02:50]} 34. Qe2 {
[%clk 0:07:48]} 34... Kg6 {[%clk 0:02:23]} 35. Nc3 {[%clk 0:05:36]} 35... Bf6 {
[%clk 0:01:56]} 36. Rd1 {[%clk 0:04:19]} 36... Rhd8 {[%clk 0:01:48]} 37. Rcc1 {
[%clk 0:04:19]} 37... Qe6 {[%clk 0:01:36]} 38. b4 {[%clk 0:03:59]} 38... Qd7 {
[%clk 0:01:58]} 39. Qc4 {[%clk 0:01:30]} 39... Qd6 {[%clk 0:01:44]} 40. Qb3 {
[%clk 0:00:43]} 40... Qd7 {[%clk 0:01:21]} 41. a4 {[%clk 0:21:56]} 41... Qf7 {
[%clk 0:21:52]} 42. Qxf7+ {[%clk 0:19:07]} 42... Kxf7 {[%clk 0:22:18]} 43. Kf1
{[%clk 0:18:32]} 43... Rd7 {[%clk 0:17:05]} 44. Ke2 {[%clk 0:17:14]} 44... Ke7
{[%clk 0:14:46]} 45. Rd2 {[%clk 0:15:15]} 45... Rcd8 {[%clk 0:14:00]} 46. Na2 {
[%clk 0:08:40]} 46... Rd6 {[%clk 0:12:47]} 47. Rdc2 {[%clk 0:07:00]} 47... Kd7
{[%clk 0:09:55]} 48. b5 {[%clk 0:07:24]} 48... cxb5 {[%clk 0:09:09]} 49. axb5 {
[%clk 0:07:39]} 49... Ke7 {[%clk 0:09:01]} 50. Nb4 {[%clk 0:07:47]} 50... R8d7
{[%clk 0:07:23]} 51. Rc8 {[%clk 0:06:33]} 51... Rb7 {[%clk 0:05:50]} 52. R1c7+
{[%clk 0:05:22]} 52... Rd7 {[%clk 0:05:31]} 53. Rc6 {[%clk 0:05:40]} 53... Kf7
{[%clk 0:05:11]} 54. Kd2 {[%clk 0:04:28]} 54... Be7 {[%clk 0:03:08]} 55. Kc3 {
[%clk 0:04:11]} 55... Bf6 {[%clk 0:03:28]} 56. Kc4 {[%clk 0:04:10]} 56... f4 {
[%clk 0:03:16]} 57. Nd5 {[%clk 0:04:32]} 57... Bg7 {[%clk 0:03:14]} 58. gxf4 {
[%clk 0:04:51]} 58... gxf4 {[%clk 0:03:22]} 59. Nxf4 {[%clk 0:05:10]} 1-0

[Event "DEM U16 2017"]
[Site "Willingen GER"]
[Date "2017.06.08"]
[Round "7"]
[White "Köllner, Aaron Noah"]
[Black "Keyser, Robin"]
[Result "0-1"]
[Termination "normal"]
[Board "12"]
[WhiteElo "1967"]
[BlackElo "1883"]
[WhiteClock "00:41:55"]
[BlackClock "00:25:50"]
[PlyCount "96"]
[WhiteFideId "12993085"]
[BlackFideId "12986429"]
[EventCountry "GER"]
[EventRounds "9"]
[EventType "swiss"]
[EventDate "2017.06.03"]

1. Nf3 {[%clk 1:30:57]} 1... g6 {[%clk 1:30:42]} 2. d4 {[%clk 1:31:21]} 2...
Bg7 {[%clk 1:31:07]} 3. Nbd2 {[%clk 1:31:34]} 3... d6 {[%clk 1:30:23]} 4. e4 {
[%clk 1:31:50]} 4... a6 {[%clk 1:29:29]} 5. Bc4 {[%clk 1:31:40]} 5... e6 {
[%clk 1:28:58]} 6. O-O {[%clk 1:31:12]} 6... Ne7 {[%clk 1:28:43]} 7. c3 { [%clk
1:29:43]} 7... Nd7 {[%clk 1:27:50]} 8. a4 {[%clk 1:28:43]} 8... b6 { [%clk
1:27:24]} 9. Re1 {[%clk 1:27:28]} 9... O-O {[%clk 1:27:15]} 10. Nf1 { [%clk
1:26:59]} 10... Bb7 {[%clk 1:24:26]} 11. Ng3 {[%clk 1:27:05]} 11... c5 { [%clk
1:20:01]} 12. Bg5 {[%clk 1:19:53]} 12... h6 13. Bf4 cxd4 14. cxd4 14... d5
{[%clk 1:01:10]} 15. Bd3 {[%clk 1:14:56]} 15... dxe4 {[%clk 0:55:51]} 16. Nxe4
{[%clk 1:15:16]} 16... Nf5 {[%clk 0:54:13]} 17. Be5 {[%clk 1:06:24]} 17... Nxe5
{[%clk 0:46:39]} 18. dxe5 {[%clk 1:06:43]} 18... Nd4 {[%clk 0:43:21]} 19. Nxd4
{[%clk 1:03:31]} 19... Qxd4 {[%clk 0:43:42]} 20. Nd6 {[%clk 1:03:21]} 20... Bd5
{[%clk 0:41:42]} 21. Qe2 {[%clk 1:03:06]} 21... Rfd8 {[%clk 0:39:45]} 22. Bc4
{[%clk 0:44:58]} 22... Rxd6 {[%clk 0:34:11]} 23. exd6 {[%clk 0:44:11]} 23...
Qxc4 {[%clk 0:31:57]} 24. Qxc4 {[%clk 0:44:17]} 24... Bxc4 { [%clk 0:32:22]}
25. Rac1 {[%clk 0:44:13]} 25... Bd5 {[%clk 0:29:24]} 26. d7 { [%clk 0:42:29]}
26... Rd8 {[%clk 0:28:32]} 27. Rc8 {[%clk 0:42:45]} 27... Bf6 { [%clk 0:28:55]}
28. Rec1 {[%clk 0:42:28]} 28... Kf8 {[%clk 0:28:47]} 29. b4 { [%clk 0:37:06]}
29... Ke7 {[%clk 0:26:52]} 30. R1c7 {[%clk 0:37:32]} 30... Rxd7 {[%clk
0:26:13]} 31. a5 {[%clk 0:37:25]} 31... bxa5 {[%clk 0:25:52]} 32. bxa5 { [%clk
0:37:49]} 32... Rxc7 {[%clk 0:25:30]} 33. Rxc7+ {[%clk 0:38:14]} 33... Ke8
{[%clk 0:25:54]} 34. Ra7 {[%clk 0:38:34]} 34... Bc4 {[%clk 0:26:06]} 35. Ra8+
{[%clk 0:38:29]} 35... Bd8 {[%clk 0:26:30]} 36. g4 {[%clk 0:38:19]} 36... Ke7
{[%clk 0:25:56]} 37. Ra7+ {[%clk 0:38:44]} 37... Kf6 {[%clk 0:26:07]} 38. h4
{[%clk 0:38:57]} 38... Bxa5 {[%clk 0:26:30]} 39. g5+ {[%clk 0:39:14]} 39...
hxg5 {[%clk 0:26:52]} 40. hxg5+ {[%clk 0:39:39]} 40... Kg7 {[%clk 0:24:48]} 41.
Kg2 {[%clk 0:39:45]} 41... Bd2 {[%clk 0:24:58]} 42. Rc7 {[%clk 0:40:13]} 42...
Bd5+ {[%clk 0:25:07]} 43. Kg3 {[%clk 0:40:27]} 43... Bxg5 {[%clk 0:25:29]} 44.
Ra7 {[%clk 0:40:51]} 44... Bc4 {[%clk 0:25:27]} 45. f4 {[%clk 0:41:16]} 45...
Bf6 {[%clk 0:25:19]} 46. Kh2 {[%clk 0:41:16]} 46... e5 {[%clk 0:25:39]} 47.
fxe5 {[%clk 0:41:39]} 47... Bxe5+ {[%clk 0:26:02]} 48. Kh3 {[%clk 0:41:55]}
48... Kf6 {[%clk 0:25:50]} 0-1

[Event "DEM U16 2017"]
[Site "Willingen GER"]
[Date "2017.06.08"]
[Round "7"]
[White "Woithe, Daniel"]
[Black "Nöldner, Julian"]
[Result "1-0"]
[Termination "normal"]
[Board "13"]
[WhiteElo "1745"]
[BlackElo "1883"]
[WhiteClock "00:25:37"]
[BlackClock "01:08:06"]
[PlyCount "109"]
[WhiteFideId "16244648"]
[BlackFideId "16218744"]
[EventCountry "GER"]
[EventRounds "9"]
[EventType "swiss"]
[EventDate "2017.06.03"]

1. e4 {[%clk 1:30:54]} 1... e5 {[%clk 1:30:41]} 2. Nf3 {[%clk 1:31:19]} 2...
Nc6 {[%clk 1:31:06]} 3. Bb5 {[%clk 1:31:23]} 3... Nf6 {[%clk 1:31:14]} 4. O-O {
[%clk 1:31:39]} 4... Nxe4 {[%clk 1:31:33]} 5. d4 {[%clk 1:31:56]} 5... Nd6 {
[%clk 1:31:55]} 6. Bxc6 {[%clk 1:32:21]} 6... dxc6 {[%clk 1:32:20]} 7. dxe5 {
[%clk 1:32:46]} 7... Nf5 {[%clk 1:32:45]} 8. Qxd8+ {[%clk 1:33:07]} 8... Kxd8 {
[%clk 1:33:07]} 9. Rd1+ {[%clk 1:33:10]} 9... Ke8 {[%clk 1:33:23]} 10. h3 {
[%clk 1:33:32]} 10... h5 {[%clk 1:32:39]} 11. Nbd2 {[%clk 1:33:31]} 11... Be7 {
[%clk 1:32:11]} 12. b3 {[%clk 1:33:33]} 12... Nh4 {[%clk 1:15:41]} 13. Nxh4 {
[%clk 1:27:37]} 13... Bxh4 {[%clk 1:16:04]} 14. Nf3 {[%clk 1:27:43]} 14... Be7
{[%clk 1:15:57]} 15. Bb2 {[%clk 1:27:42]} 15... c5 {[%clk 1:16:09]} 16. c4 {
[%clk 1:24:46]} 16... Be6 {[%clk 1:12:09]} 17. Nd2 {[%clk 1:13:24]} 17... Kd7 {
[%clk 1:07:02]} 18. Nf1+ {[%clk 0:53:38]} 18... Kc6 {[%clk 1:07:27]} 19. Ne3 {
[%clk 0:53:50]} 19... Rad8 {[%clk 1:07:09]} 20. f4 {[%clk 0:52:46]} 20... Rxd1+
{[%clk 1:02:44]} 21. Rxd1 {[%clk 0:52:52]} 21... Rd8 {[%clk 1:03:08]} 22. Rxd8
{[%clk 0:52:31]} 22... Bxd8 {[%clk 1:03:33]} 23. g4 {[%clk 0:34:53]} 23... g6 {
[%clk 1:01:23]} 24. Kf2 {[%clk 0:34:36]} 24... Bh4+ {[%clk 1:00:42]} 25. Kf3 {
[%clk 0:32:18]} 25... hxg4+ {[%clk 0:59:37]} 26. hxg4 {[%clk 0:31:58]} 26...
Be1 {[%clk 0:55:18]} 27. f5 {[%clk 0:30:01]} 27... gxf5 {[%clk 0:55:28]} 28.
gxf5 {[%clk 0:30:13]} 28... Bc8 {[%clk 0:55:55]} 29. Ke4 {[%clk 0:26:54]} 29...
b6 {[%clk 0:53:21]} 30. Nd5 {[%clk 0:19:26]} 30... Kd7 {[%clk 0:49:21]} 31. Bc1
{[%clk 0:14:13]} 31... Bh4 {[%clk 0:46:00]} 32. Kf4 {[%clk 0:12:58]} 32... c6 {
[%clk 0:44:37]} 33. Nc3 {[%clk 0:12:49]} 33... Be7 {[%clk 0:38:47]} 34. Kg4 {
[%clk 0:11:37]} 34... Ke8 {[%clk 0:38:05]} 35. Bg5 {[%clk 0:11:37]} 35... Bf8 {
[%clk 0:37:51]} 36. Ne4 {[%clk 0:08:03]} 36... Be7 {[%clk 0:38:10]} 37. Bxe7 {
[%clk 0:07:34]} 37... Kxe7 {[%clk 0:38:37]} 38. Nd6 {[%clk 0:06:43]} 38... Bd7
{[%clk 0:38:57]} 39. Kg5 {[%clk 0:06:10]} 39... a6 {[%clk 0:37:32]} 40. Ne4 {
[%clk 0:03:03]} 40... Bc8 {[%clk 0:33:30]} 41. Nc3 {[%clk 0:00:39]} 41... Kd8 {
[%clk 0:33:35]} 42. Kf6 {[%clk 0:00:44]} 42... Kc7 {[%clk 0:33:59]} 43. Ne4 {
[%clk 0:29:04]} 43... b5 {[%clk 1:04:08]} 44. Nd6 {[%clk 0:29:20]} 44... bxc4 {
[%clk 1:04:23]} 45. bxc4 {[%clk 0:29:37]} 45... Kb6 {[%clk 1:04:20]} 46. Nxc8+
{[%clk 0:29:19]} 46... Ka5 {[%clk 1:04:46]} 47. Kxf7 {[%clk 0:24:56]} 47... Kb4
{[%clk 1:05:11]} 48. Nd6 {[%clk 0:24:13]} 48... a5 {[%clk 1:05:27]} 49. e6 {
[%clk 0:24:23]} 49... a4 {[%clk 1:05:52]} 50. e7 {[%clk 0:24:26]} 50... Ka3 {
[%clk 1:06:18]} 51. e8=Q {[%clk 0:24:34]} 51... Kxa2 {[%clk 1:06:43]} 52. Qxc6
{[%clk 0:24:49]} 52... a3 {[%clk 1:07:11]} 53. Qxc5 {[%clk 0:25:04]} 53... Kb2
{[%clk 1:07:39]} 54. Qxa3+ {[%clk 0:25:19]} 54... Kxa3 {[%clk 1:08:06]} 55. Ke7
{[%clk 0:25:37]} 1-0

[Event "DEM U16 2017"]
[Site "Willingen GER"]
[Date "2017.06.08"]
[Round "7"]
[White "Recktenwald, Cedric"]
[Black "Weber, Samuel"]
[Result "0-1"]
[Termination "normal"]
[Board "14"]
[WhiteElo "1788"]
[BlackElo "2039"]
[WhiteClock "00:26:25"]
[BlackClock "00:33:58"]
[PlyCount "106"]
[WhiteFideId "12971928"]
[BlackFideId "12924008"]
[EventCountry "GER"]
[EventRounds "9"]
[EventType "swiss"]
[EventDate "2017.06.03"]

1. e4 {[%clk 1:30:58]} 1... e5 {[%clk 1:30:50]} 2. Nf3 {[%clk 1:31:22]} 2...
Nc6 {[%clk 1:31:17]} 3. Bc4 {[%clk 1:31:43]} 3... Nf6 {[%clk 1:31:41]} 4. Ng5 {
[%clk 1:30:54]} 4... d5 {[%clk 1:32:07]} 5. exd5 {[%clk 1:31:13]} 5... Na5 {
[%clk 1:32:34]} 6. Bb5+ {[%clk 1:31:29]} 6... c6 {[%clk 1:32:59]} 7. dxc6 {
[%clk 1:31:40]} 7... bxc6 {[%clk 1:33:26]} 8. Qf3 {[%clk 1:31:59]} 8... Be7 9.
Bd3 {[%clk 1:15:57]} 9... h6 {[%clk 1:32:02]} 10. Ne4 {[%clk 1:16:14]} 10...
Nd5 {[%clk 1:32:22]} 11. Ng3 {[%clk 1:12:28]} 11... Nf4 {[%clk 1:18:18]} 12.
Bf5 {[%clk 1:01:53]} 12... Bb7 {[%clk 1:13:51]} 13. d4 {[%clk 0:51:54]} 13...
Qxd4 {[%clk 1:05:24]} 14. O-O {[%clk 0:48:05]} 14... c5 {[%clk 1:00:04]} 15.
Be4 {[%clk 0:45:52]} 15... Bxe4 {[%clk 0:57:26]} 16. Nxe4 {[%clk 0:44:56]}
16... O-O {[%clk 0:57:48]} 17. Rd1 {[%clk 0:37:50]} 17... Qc4 {[%clk 0:56:54]}
18. Bxf4 {[%clk 0:30:53]} 18... exf4 {[%clk 0:55:50]} 19. Nbc3 {[%clk 0:30:53]}
19... Nc6 {[%clk 0:42:15]} 20. Qxf4 {[%clk 0:25:25]} 20... Nd4 {[%clk 0:37:40]}
21. Qc1 {[%clk 0:16:11]} 21... f5 {[%clk 0:35:40]} 22. Nd2 {[%clk 0:13:22]}
22... Qa6 {[%clk 0:29:12]} 23. Nb3 {[%clk 0:13:27]} 23... Rad8 {[%clk 0:28:09]}
24. Re1 {[%clk 0:09:19]} 24... Bg5 {[%clk 0:23:26]} 25. f4 {[%clk 0:08:51]}
25... Bh4 {[%clk 0:23:53]} 26. Nxc5 {[%clk 0:07:05]} 26... Qc4 {[%clk 0:23:02]}
27. Nd3 {[%clk 0:06:40]} 27... Bxe1 {[%clk 0:23:02]} 28. Nxe1 {[%clk 0:07:09]}
28... Qxc3 {[%clk 0:21:50]} 29. bxc3 {[%clk 0:07:33]} 29... Ne2+ { [%clk
0:22:17]} 30. Kf2 {[%clk 0:06:56]} 30... Nxc1 {[%clk 0:22:44]} 31. Rxc1 { [%clk
0:07:25]} 31... Rc8 {[%clk 0:23:08]} 32. Rb1 {[%clk 0:05:41]} 32... Rxc3 {[%clk
0:20:47]} 33. Rb2 {[%clk 0:05:45]} 33... a5 {[%clk 0:18:34]} 34. Rb5 { [%clk
0:04:02]} 34... a4 {[%clk 0:16:44]} 35. g3 {[%clk 0:03:53]} 35... Ra3 { [%clk
0:16:36]} 36. Rb2 {[%clk 0:04:21]} 36... Re8 {[%clk 0:16:35]} 37. Nd3 { [%clk
0:04:03]} 37... Re4 {[%clk 0:14:16]} 38. Kf1 {[%clk 0:03:18]} 38... Rc3 { [%clk
0:14:08]} 39. Ne1 {[%clk 0:02:20]} 39... Rce3 {[%clk 0:09:40]} 40. Ng2 { [%clk
0:01:28]} 40... Re2 {[%clk 0:09:21]} 41. Rb8+ {[%clk 0:01:42]} 41... Kh7 {[%clk
0:08:52]} 42. Rc8 {[%clk 0:02:11]} 42... Rd2 {[%clk 0:09:05]} 43. h4 { [%clk
0:29:10]} 43... Ree2 {[%clk 0:32:49]} 44. Ne1 {[%clk 0:28:33]} 44... Rf2+
{[%clk 0:33:13]} 45. Kg1 {[%clk 0:28:55]} 45... Rde2 {[%clk 0:32:48]} 46. Rc3 {
[%clk 0:29:01]} 46... Rd2 {[%clk 0:32:04]} 47. Ra3 {[%clk 0:27:21]} 47... Rfe2
{[%clk 0:32:28]} 48. Kf1 {[%clk 0:27:47]} 48... Re4 {[%clk 0:32:37]} 49. Rd3 {
[%clk 0:26:46]} 49... Rxd3 {[%clk 0:32:39]} 50. cxd3 {[%clk 0:26:26]} 50... Rb4
{[%clk 0:33:02]} 51. Ke2 {[%clk 0:26:17]} 51... Rb2+ {[%clk 0:33:28]} 52. Ke3 {
[%clk 0:26:42]} 52... Rxa2 {[%clk 0:33:51]} 53. Kd4 {[%clk 0:26:25]} 53... Re2
{[%clk 0:33:58]} 0-1

[Event "DEM U16 2017"]
[Site "Willingen GER"]
[Date "2017.06.09"]
[Round "8"]
[White "Engel, Luis"]
[Black "Buckels, Valentin"]
[Result "1-0"]
[Termination "normal"]
[Board "1"]
[BlackTitle "FM"]
[WhiteElo "2362"]
[BlackElo "2325"]
[WhiteClock "00:05:02"]
[BlackClock "00:00:54"]
[PlyCount "117"]
[WhiteFideId "12961523"]
[BlackFideId "12942766"]
[EventCountry "GER"]
[EventRounds "9"]
[EventType "swiss"]
[EventDate "2017.06.03"]

1. e4 {[%clk 1:30:57]} 1... e5 {[%clk 1:30:56]} 2. Nf3 {[%clk 1:31:23]} 2...
Nc6 {[%clk 1:31:22]} 3. Bc4 {[%clk 1:31:47]} 3... Bc5 {[%clk 1:31:39]} 4. c3 {
[%clk 1:32:11]} 4... Nf6 {[%clk 1:32:03]} 5. d3 {[%clk 1:32:36]} 5... a6 {
[%clk 1:32:28]} 6. O-O {[%clk 1:32:58]} 6... d6 {[%clk 1:32:53]} 7. Bb3 { [%clk
1:33:24]} 7... h6 {[%clk 1:32:31]} 8. Re1 {[%clk 1:33:25]} 8... O-O { [%clk
1:32:21]} 9. h3 {[%clk 1:33:30]} 9... Re8 {[%clk 1:32:16]} 10. Nbd2 { [%clk
1:33:33]} 10... Be6 {[%clk 1:32:28]} 11. Nf1 {[%clk 1:32:31]} 11... Qd7 { [%clk
1:28:30]} 12. Bc2 {[%clk 1:31:36]} 12... d5 {[%clk 1:21:03]} 13. Nxe5 { [%clk
1:05:44]} 13... Nxe5 {[%clk 1:20:39]} 14. d4 {[%clk 1:06:04]} 14... Nxe4 {[%clk
1:13:48]} 15. dxc5 {[%clk 1:00:39]} 15... Ng6 {[%clk 0:53:50]} 16. Qd4 { [%clk
0:52:12]} 16... Bxh3 {[%clk 0:35:00]} 17. gxh3 {[%clk 0:28:02]} 17... Qxh3
{[%clk 0:33:44]} 18. Bxe4 {[%clk 0:25:31]} 18... dxe4 {[%clk 0:33:59]} 19. Qe3
{[%clk 0:22:48]} 19... Qg4+ {[%clk 0:31:24]} 20. Qg3 {[%clk 0:22:50]} 20... Qh5
{[%clk 0:31:47]} 21. Nh2 {[%clk 0:18:41]} 21... Nh4 {[%clk 0:29:53]} 22. Bf4
{[%clk 0:15:33]} 22... Re6 {[%clk 0:23:07]} 23. Kf1 {[%clk 0:15:47]} 23... Nf3
{[%clk 0:20:45]} 24. Nxf3 {[%clk 0:15:54]} 24... exf3 {[%clk 0:20:53]} 25. Qh2
{[%clk 0:13:20]} 25... Qxc5 {[%clk 0:20:39]} 26. Rxe6 {[%clk 0:13:38]} 26...
fxe6 {[%clk 0:20:23]} 27. Be5 {[%clk 0:09:23]} 27... Rd8 {[%clk 0:16:06]} 28.
Qg3 {[%clk 0:08:44]} 28... Rd7 {[%clk 0:16:30]} 29. Re1 {[%clk 0:07:34]} 29...
Qb5+ {[%clk 0:15:07]} 30. Kg1 {[%clk 0:07:57]} 30... Qe2 {[%clk 0:10:13]} 31.
Rb1 {[%clk 0:05:48]} 31... Qc2 {[%clk 0:09:58]} 32. Re1 {[%clk 0:05:57]} 32...
Qe2 {[%clk 0:10:23]} 33. Rb1 {[%clk 0:06:24]} 33... Qc2 {[%clk 0:10:49]} 34.
Rf1 {[%clk 0:06:50]} 34... Qe2 {[%clk 0:10:29]} 35. Bd4 {[%clk 0:04:44]} 35...
c5 {[%clk 0:07:30]} 36. Qg6 {[%clk 0:05:01]} 36... Rf7 {[%clk 0:07:56]} 37. Be3
{[%clk 0:04:21]} 37... Rf6 {[%clk 0:08:10]} 38. Qe4 {[%clk 0:03:44]} 38... Kf7
{[%clk 0:07:06]} 39. Qxb7+ {[%clk 0:03:20]} 39... Kg8 {[%clk 0:07:25] } 40. Qe4
{[%clk 0:03:30]} 40... Kf7 {[%clk 0:07:54]} 41. Rb1 {[%clk 0:29:06]} 41... Rf5
{[%clk 0:36:27]} 42. c4 {[%clk 0:19:38]} 42... Rg5+ {[%clk 0:20:01]} 43. Kh2
{[%clk 0:19:51]} 43... Rh5+ {[%clk 0:20:11]} 44. Kg3 {[%clk 0:19:51]} 44...
Rg5+ {[%clk 0:20:36]} 45. Kh4 {[%clk 0:19:38]} 45... g6 {[%clk 0:11:26]} 46.
Qf4+ {[%clk 0:16:05]} 46... Rf5 {[%clk 0:11:31]} 47. Qc7+ {[%clk 0:16:02]}
47... Kf6 {[%clk 0:11:47]} 48. Qd8+ {[%clk 0:15:24]} 48... Ke5 {[%clk 0:08:36]}
49. b3 {[%clk 0:11:16]} 49... Qc2 {[%clk 0:08:32]} 50. Rd1 {[%clk 0:08:05]}
50... g5+ {[%clk 0:01:03]} 51. Kg3 {[%clk 0:07:19]} 51... Rf7 {[%clk 0:01:31]}
52. Bxc5 {[%clk 0:04:39]} 52... Qe4 {[%clk 0:00:50]} 53. Qd4+ {[%clk 0:04:31]}
53... Qxd4 {[%clk 0:01:15]} 54. Bxd4+ {[%clk 0:04:43]} 54... Ke4 { [%clk
0:01:39]} 55. Be3 {[%clk 0:04:50]} 55... e5 {[%clk 0:01:48]} 56. c5 { [%clk
0:05:07]} 56... g4 {[%clk 0:00:50]} 57. c6 {[%clk 0:05:16]} 57... h5 { [%clk
0:01:07]} 58. Rc1 {[%clk 0:05:02]} 58... h4+ {[%clk 0:00:54]} 59. Kxg4 1-0

[Event "DEM U16 2017"]
[Site "Willingen GER"]
[Date "2017.06.09"]
[Round "8"]
[White "Rieß, Alexander"]
[Black "Ewert, Hannes"]
[Result "1/2-1/2"]
[Termination "normal"]
[Board "2"]
[WhiteTitle "FM"]
[WhiteElo "2224"]
[BlackElo "2231"]
[WhiteClock "00:45:21"]
[BlackClock "00:37:06"]
[PlyCount "41"]
[WhiteFideId "12953326"]
[BlackFideId "12961574"]
[EventCountry "GER"]
[EventRounds "9"]
[EventType "swiss"]
[EventDate "2017.06.03"]

1. d4 {[%clk 1:30:58]} 1... Nf6 {[%clk 1:30:47]} 2. c4 {[%clk 1:31:09]} 2... e6
{[%clk 1:30:50]} 3. Nc3 {[%clk 1:31:16]} 3... Bb4 {[%clk 1:30:59]} 4. Qc2 {
[%clk 1:30:52]} 4... O-O {[%clk 1:31:08]} 5. a3 {[%clk 1:30:55]} 5... Bxc3+ {
[%clk 1:31:23]} 6. Qxc3 {[%clk 1:31:01]} 6... d5 {[%clk 1:31:47]} 7. Nf3 {
[%clk 1:29:56]} 7... dxc4 {[%clk 1:31:07]} 8. Qxc4 {[%clk 1:29:39]} 8... b6 {
[%clk 1:31:34]} 9. Bg5 {[%clk 1:28:47]} 9... Ba6 {[%clk 1:31:27]} 10. Qa4 {
[%clk 1:28:43]} 10... Qd7 {[%clk 1:30:24]} 11. Qxd7 {[%clk 1:05:42]} 11...
Nbxd7 {[%clk 1:30:48]} 12. Bxf6 {[%clk 1:05:33]} 12... gxf6 {[%clk 1:29:07]}
13. e3 {[%clk 1:02:44]} 13... Bb7 {[%clk 1:27:56]} 14. Rc1 {[%clk 0:59:03]}
14... Rac8 {[%clk 1:23:40]} 15. Bb5 {[%clk 0:56:59]} 15... c6 {[%clk 1:20:38]}
16. Be2 {[%clk 0:53:35]} 16... c5 {[%clk 1:19:42]} 17. O-O {[%clk 0:53:07]}
17... Rfd8 {[%clk 1:12:40]} 18. Rfd1 {[%clk 0:51:38]} 18... Kf8 {[%clk 0:40:05]
} 19. Kf1 {[%clk 0:48:21]} 19... Ke7 {[%clk 0:39:17]} 20. dxc5 {[%clk 0:45:28]}
20... Rxc5 {[%clk 0:37:06]} 21. Nd4 {[%clk 0:45:21]} 1/2-1/2